[Event "Thüringenliga 2013/2014"]
[Site "?"]
[Date "2014.03.23"]
[Round "8"]
[White "Duzy, Stefan"]
[Black "Römer, Norbert"]
[Result "1-0"]
[WhiteElo "1923"]
[BlackElo "1862"]
[PlyCount "95"]
[EventDate "2014.??.??"]
[WhiteTeam "Erfurter Schachklub"]
[BlackTeam "TSG Apolda"]

1. d4 Nf6 2. c4 c5 3. Nf3 cxd4 4. Nxd4 Nc6 5. Nc3 g6 6. g3 Bg7 7. Bg2 O-O 8.
O-O Nxd4 9. Qxd4 d6 10. Qd3 a6 11. h3 Rb8 12. Rb1 Bd7 13. a4 Qc7 14. b3 Rfc8
15. Bd2 Bc6 16. Rfc1 Bxg2 17. Kxg2 Qd7 18. e4 Qe6 19. Re1 Qd7 20. Rec1 e6 21.
Rd1 Qc6 22. Bf4 e5 23. Be3 Bf8 24. f3 Kg7 25. Qd2 Be7 26. Bh6+ Kh8 27. Bg5 Ng8
28. Bxe7 Nxe7 29. Qxd6 Qxd6 30. Rxd6 Nc6 31. Rbd1 Na5 32. Rb1 Rd8 33. Rd5 Nc6
34. Kf2 f6 35. Rbd1 Nd4 36. Rxd8+ Rxd8 37. Ne2 Kg7 38. Nxd4 exd4 39. Ke2 Kf7
40. Kd3 Ke6 41. f4 Kd6 42. Rb1 Kc6 43. b4 b5 44. cxb5+ axb5 45. a5 g5 46. Rc1+
Kd6 47. Rc5 Ke6 48. f5+ 1-0

[Event "Thüringenliga 2013/2014"]
[Site "?"]
[Date "2014.03.23"]
[Round "8"]
[White "Carnot, Luca"]
[Black "Burkhardt, Kai"]
[Result "1/2-1/2"]
[WhiteElo "1606"]
[BlackElo "1771"]
[PlyCount "55"]
[EventDate "2014.??.??"]
[WhiteTeam "TSG Apolda"]
[BlackTeam "Erfurter Schachklub"]

1. Nf3 d5 2. g3 Nf6 3. Bg2 Bf5 4. d3 e6 5. Nbd2 Nbd7 6. O-O Be7 7. b3 O-O 8.
Bb2 h6 9. c4 c6 10. a3 a5 11. Bc3 Qc7 12. b4 axb4 13. axb4 e5 14. Qb3 Be6 15.
Rfc1 d4 16. Bb2 Qb6 17. Ba3 Ra7 18. Ne1 Rfa8 19. Nc2 Bf8 20. Rcb1 h5 21. Bb2
Rxa1 22. Bxa1 Qd8 23. b5 Nc5 24. Qb2 Na4 25. Qb3 Nc5 26. Qb2 Na4 27. Qb3 Nc5
28. Qb2 1/2-1/2

[Event "Thüringenliga 2013/2014"]
[Site "?"]
[Date "2014.03.23"]
[Round "8"]
[White "Kosev, Momchil"]
[Black "Siegl, Detlef"]
[Result "0-1"]
[WhiteElo "1409"]
[BlackElo "1740"]
[PlyCount "120"]
[EventDate "2014.??.??"]
[WhiteTeam "Erfurter Schachklub"]
[BlackTeam "TSG Apolda"]

1. e4 c5 2. Nf3 d6 3. d4 cxd4 4. Nxd4 Nf6 5. Nc3 a6 6. Be2 e6 7. O-O Be7 8. Be3
O-O 9. Qd2 Qc7 10. f3 b5 11. a3 Bb7 12. Rad1 Nbd7 13. Qe1 Rac8 14. Qg3 Kh8 15.
Rd2 Nb6 16. Rfd1 Nc4 17. Bxc4 Qxc4 18. Nb3 Qc7 19. Rd3 Qb8 20. Na5 Ba8 21. Nb3
Nd7 22. Kh1 Ne5 23. Bd4 Ng6 24. Bg1 Rg8 25. f4 Rgd8 26. h3 Bf6 27. Nd2 e5 28.
f5 Nf4 29. Re3 d5 30. exd5 Nxd5 31. Nxd5 Rxd5 32. c3 Rcd8 33. Re2 Rd3 34. Qe1
Rxh3+ 35. Bh2 Bh4 36. Qf1 Bg3 37. Nf3 Rxd1 38. Qxd1 Bxf3 39. gxf3 e4 40. Rd2
Rxh2+ 41. Rxh2 Bxh2 42. fxe4 Qd6 43. Qh5 Be5 44. Qxf7 Qd1+ 45. Kg2 Qe2+ 46. Kg1
Qe1+ 47. Kg2 Qxe4+ 48. Kf2 Qa8 49. Qe6 Bf6 50. Ke3 h5 51. Qd6 Qc8 52. Qd5 Kh7
53. Kf3 Qc4 54. Qd7 Qg4+ 55. Ke3 h4 56. Qd5 h3 57. Qf3 Qxf3+ 58. Kxf3 Kh6 59.
Kg3 Kg5 60. Kxh3 Kxf5 0-1

[Event "Thüringenliga 2013/2014"]
[Site "?"]
[Date "2014.03.23"]
[Round "8"]
[White "Darr, Sascha"]
[Black "Pähtz, Thomas"]
[Result "0-1"]
[WhiteElo "2077"]
[BlackElo "2277"]
[PlyCount "84"]
[EventDate "2014.??.??"]

1. e4 e5 2. Nf3 Nc6 3. Bb5 a6 4. Ba4 Nf6 5. Qe2 b5 6. Bb3 Be7 7. d3 O-O 8. c3
d6 9. Nbd2 Na5 10. Bc2 c5 11. Nf1 Re8 12. Ng3 Nc6 13. O-O Bf8 14. h3 h6 15. Rd1
d5 16. Nh2 Be6 17. Ng4 d4 18. Nf5 Kh7 19. Bb3 Nxg4 20. hxg4 g6 21. Bxe6 Rxe6
22. Ng3 Rd6 23. f4 dxc3 24. bxc3 c4 25. d4 exd4 26. e5 d3 27. Qf3 Re6 28. Ne4
f5 29. gxf5 gxf5 30. Nf6+ Rxf6 31. exf6 Qxf6 32. Bd2 Rd8 33. Rab1 b4 34. Rdc1
Rd7 35. Kf1 bxc3 36. Bxc3 Nd4 37. Qe3 Bg7 38. Qe8 Qd6 39. g3 Ne2 40. Bxg7 Nxg3+
41. Kg2 Rxg7 42. Rb8 Ne2+ 0-1

[Event "Thüringenliga 2013/2014"]
[Site "?"]
[Date "2014.03.23"]
[Round "8"]
[White "Zehnter, Sebastian"]
[Black "Middelhoff, Cornelius"]
[Result "1/2-1/2"]
[WhiteElo "2199"]
[BlackElo "2052"]
[PlyCount "103"]
[EventDate "2014.??.??"]

1. c4 Nf6 2. Nf3 c5 3. g3 g6 4. Bg2 Bg7 5. O-O O-O 6. Nc3 Nc6 7. d4 cxd4 8.
Nxd4 Qb6 9. Nc2 d6 10. Rb1 Bd7 11. e4 Rac8 12. b3 Rfd8 13. h3 Qc7 14. Bb2 Qb8
15. a4 Na5 16. Na3 b6 17. Bc1 Nc6 18. Be3 Nb4 19. Qd2 Bc6 20. Nd5 Nbxd5 21.
exd5 Bd7 22. Bg5 a6 23. Rfe1 Re8 24. Qb4 Qc7 25. Rbc1 Qc5 26. Nc2 b5 27. axb5
axb5 28. Be3 Qc7 29. Nd4 bxc4 30. Rxc4 Qb8 31. Qxb8 Rxb8 32. b4 e6 33. dxe6
fxe6 34. Rb1 d5 35. Rc7 Rec8 36. Ra7 e5 37. Nf3 Bf5 38. Rb2 d4 39. Bd2 Ne4 40.
g4 Nxd2 41. Nxd2 Bd3 42. Bd5+ Kh8 43. Rf7 Rc2 44. Rxc2 Bxc2 45. Rc7 Bd3 46. Nc4
Rd8 47. Nd6 Rxd6 48. Rc8+ Bf8 49. Rxf8+ Kg7 50. Rf7+ Kh8 51. Rf8+ Kg7 52. Rf7+
1/2-1/2

[Event "Thüringenliga 2013/2014"]
[Site "?"]
[Date "2014.03.23"]
[Round "8"]
[White "August, Daniel"]
[Black "Rempel, Patrick"]
[Result "1-0"]
[WhiteElo "1957"]
[BlackElo "2035"]
[PlyCount "75"]
[EventDate "2014.??.??"]

1. c4 e5 2. g3 Nf6 3. Bg2 Nc6 4. Nc3 g6 5. e4 Bg7 6. Nge2 d6 7. O-O Be6 8. d3
Qd7 9. Nd5 O-O 10. f4 Ne8 11. Be3 Nd8 12. f5 gxf5 13. exf5 Bxd5 14. Bxd5 Nf6
15. Bg2 c6 16. Nc3 h6 17. Ne4 Nxe4 18. dxe4 f6 19. Qb3 Nf7 20. Rfd1 Qe7 21. Rd2
c5 22. Rad1 Qc7 23. Bf3 Rfb8 24. Bh5 Bf8 25. Qd3 Nd8 26. b4 cxb4 27. c5 dxc5
28. Qc4+ Kh8 29. Rd7 Qc6 30. Bg6 Ne6 31. fxe6 b5 32. Qf1 Qxe6 33. Rh7+ Kg8 34.
Bf7+ Qxf7 35. Rxf7 Kxf7 36. Rd7+ Ke8 37. Qf5 Rb6 38. Qh7 1-0

[Event "Thüringenliga 2013/2014"]
[Site "?"]
[Date "2014.03.23"]
[Round "8"]
[White "Töpfer, Albrecht"]
[Black "Krabel, Stefan"]
[Result "1/2-1/2"]
[WhiteElo "1964"]
[BlackElo "1926"]
[PlyCount "32"]
[EventDate "2014.??.??"]

1. c4 e5 2. g3 Nf6 3. Bg2 d5 4. cxd5 Nxd5 5. Nc3 Nb6 6. Nf3 Nc6 7. O-O Be7 8.
a3 Be6 9. b4 f6 10. d3 O-O 11. Ne4 Nd4 12. Nfd2 Bd5 13. Bb2 a5 14. Bxd4 exd4
15. bxa5 Rxa5 16. Nb3 Rxa3 1/2-1/2

[Event "Thüringenliga 2013/2014"]
[Site "?"]
[Date "2014.03.23"]
[Round "8"]
[White "Mißbach, Bernd"]
[Black "Thurmann, Martin"]
[Result "1-0"]
[WhiteElo "1896"]
[BlackElo "1506"]
[PlyCount "77"]
[EventDate "2014.??.??"]

1. Nf3 c5 2. g3 Nf6 3. Bg2 d5 4. d4 e6 5. O-O Bd7 6. Ne5 Nc6 7. Nxd7 Qxd7 8. c3
Be7 9. f3 O-O 10. Kh1 Rad8 11. Be3 b6 12. Bg1 Rfe8 13. Nd2 Bf8 14. Nb3 c4 15.
Nd2 e5 16. e3 exd4 17. exd4 Re6 18. Bh3 Rde8 19. Bxe6 Rxe6 20. Re1 Bd6 21. Rxe6
Qxe6 22. Nf1 Ne7 23. Qd2 Qh3 24. Re1 Ng6 25. Qg2 Qh6 26. Ne3 Ne7 27. Bf2 Nh5
28. f4 Nf6 29. Kg1 Ne4 30. Nxd5 Nxd5 31. Qxe4 Nc7 32. Qf5 Bf8 33. Qe4 Qd6 34.
g4 Qd7 35. f5 Bd6 36. Bg3 Bxg3 37. hxg3 Qd6 38. Qe5 Qd8 39. Qxc7 1-0

[Event "Thüringenliga 2013/2014"]
[Site "?"]
[Date "2014.03.23"]
[Round "8"]
[White "Rauch, Arwid"]
[Black "Böhm, Christian"]
[Result "0-1"]
[WhiteElo "1085"]
[BlackElo "1863"]
[PlyCount "94"]
[EventDate "2014.??.??"]

1. e4 d6 2. Nf3 Nf6 3. Nc3 c6 4. Bc4 b5 5. Be2 b4 6. Nb1 Nxe4 7. d3 Nf6 8. Bd2
c5 9. O-O e6 10. Be3 Be7 11. Nbd2 O-O 12. d4 Nbd7 13. a3 Nd5 14. dxc5 Nxe3 15.
fxe3 dxc5 16. Qe1 Bb7 17. e4 Qc7 18. Bd3 bxa3 19. bxa3 Bf6 20. Rb1 Rab8 21. Qe2
Ne5 22. Bb5 Rfd8 23. Bd3 Rbc8 24. Ba6 Rb8 25. Bd3 Bc6 26. Rbc1 Rd7 27. Ne1 Qa5
28. Nb1 c4 29. Bxc4 Qc5+ 30. Rf2 Qxc4 31. Qxc4 Nxc4 32. Re2 Bg5 33. Nd2 Rxd2
34. Rxd2 Bxd2 35. Rd1 Bxe1 36. Rxe1 Kf8 37. Kf2 Ke7 38. Kf3 f5 39. Kf4 Bxe4 40.
g4 Kf6 41. gxf5 exf5 42. c3 g5+ 43. Kg3 Rb2 44. Rg1 f4+ 45. Kg4 h5+ 46. Kxh5
Rxh2+ 47. Kg4 Rh4# 0-1

[Event "Thüringenliga 2013/2014"]
[Site "?"]
[Date "2014.03.23"]
[Round "8"]
[White "Recknagel, Michael"]
[Black "Siebarth, Raiko"]
[Result "0-1"]
[WhiteElo "2180"]
[BlackElo "2249"]
[PlyCount "80"]
[EventDate "2014.??.??"]
[WhiteTeam "SC Suhl"]
[BlackTeam "SG Blau-Weiß Stadtilm"]

1. e4 c5 2. Nf3 d6 3. Bb5+ Bd7 4. Bxd7+ Qxd7 5. Nc3 Nc6 6. O-O g6 7. d3 Bg7 8.
Re1 Nf6 9. Nd5 O-O 10. Bg5 Rfe8 11. c3 Nh5 12. Nf4 Nxf4 13. Bxf4 Rac8 14. Rb1
Red8 15. c4 Rb8 16. Be3 b5 17. b3 Qc7 18. cxb5 Rxb5 19. d4 cxd4 20. Nxd4 Nxd4
21. Bxd4 Bxd4 22. Qxd4 Qa5 23. Qb2 Rc8 24. Rbc1 Rbc5 25. Qb1 Rc2 26. a3 Qd2 27.
Rxc2 Rxc2 28. Rf1 Rb2 29. Qa1 Rxb3 30. e5 Qc3 31. Qd1 dxe5 32. Qd8+ Kg7 33. h4
h5 34. Rd1 Rxa3 35. Kh2 Qb4 36. g3 Ra2 37. Kg1 Qc5 38. Rf1 e4 39. g4 hxg4 40.
h5 gxh5 0-1

[Event "Thüringenliga 2013/2014"]
[Site "?"]
[Date "2014.03.23"]
[Round "8"]
[White "Schneider, Christian"]
[Black "Silberschlag, Jörg"]
[Result "1-0"]
[WhiteElo "2179"]
[BlackElo "2088"]
[PlyCount "91"]
[EventDate "2014.??.??"]
[WhiteTeam "SG Blau-Weiß Stadtilm"]
[BlackTeam "SC Suhl"]

1. g3 d5 2. Nf3 c6 3. Bg2 Nd7 4. d4 e6 5. O-O Ngf6 6. Nbd2 Be7 7. b3 O-O 8. Bb2
a5 9. a4 b5 10. Ne5 Qc7 11. c4 bxc4 12. bxc4 Nxe5 13. dxe5 Ng4 14. Qc2 Rb8 15.
Rab1 Rd8 16. Nf3 Rb4 17. cxd5 exd5 18. h3 Rc4 19. Qd1 Nh6 20. Rc1 Rxc1 21. Qxc1
c5 22. Qd2 d4 23. Rc1 Qb6 24. Ba3 Ba6 25. Qc2 Qe6 26. Qd2 Qb6 27. Qc2 Qe6 28.
Bxc5 Rc8 29. Nxd4 Qxe5 30. Nc6 Qxc5 31. Qxc5 Bxc5 32. Rxc5 Kf8 33. Rxa5 Bxe2
34. Ra7 Nf5 35. Ne5 f6 36. Nd7+ Ke8 37. Be4 Ne7 38. Nb6 Rb8 39. a5 f5 40. Bg2
g5 41. Kh2 f4 42. gxf4 gxf4 43. Be4 Rd8 44. a6 Nc8 45. Bc6+ Kf8 46. Ra8 1-0

[Event "Thüringenliga 2013/2014"]
[Site "?"]
[Date "2014.03.23"]
[Round "8"]
[White "Berghof, Axel"]
[Black "Siebarth, Marco"]
[Result "1-0"]
[WhiteElo "1996"]
[BlackElo "1953"]
[PlyCount "43"]
[EventDate "2014.??.??"]
[WhiteTeam "SC Suhl"]
[BlackTeam "SG Blau-Weiß Stadtilm"]

1. e4 d5 2. exd5 Qxd5 3. Nc3 Qa5 4. Bc4 Nf6 5. d3 c6 6. Bd2 Qc7 7. Nf3 Bg4 8.
h3 Bh5 9. Qe2 Nbd7 10. g4 Bg6 11. Qe3 e6 12. Ng5 Qe5 13. Nge4 Nxe4 14. dxe4 Bc5
15. Qe2 f6 16. O-O-O Bf7 17. f4 Qd6 18. e5 fxe5 19. Ne4 Qc7 20. f5 b5 21. fxe6
bxc4 22. exd7+ 1-0

[Event "Thüringenliga 2013/2014"]
[Site "?"]
[Date "2014.03.23"]
[Round "8"]
[White "George, Tom"]
[Black "Feld-Gerdes, Wolfgang"]
[Result "1/2-1/2"]
[WhiteElo "1831"]
[BlackElo "1997"]
[PlyCount "102"]
[EventDate "2014.??.??"]
[WhiteTeam "SG Blau-Weiß Stadtilm"]
[BlackTeam "SC Suhl"]

1. Nc3 c5 2. e4 g6 3. f4 Bg7 4. Nf3 a6 5. a4 Nc6 6. Bc4 e6 7. d3 Nge7 8. O-O d5
9. Bb3 Rb8 10. Ne2 b5 11. axb5 axb5 12. c3 c4 13. Bc2 Qb6+ 14. d4 O-O 15. Qe1
dxe4 16. Bxe4 Bb7 17. Ng3 Ra8 18. Rxa8 Rxa8 19. Be3 Qd8 20. Ne5 Ra2 21. Qb1 Ra8
22. Bf3 Nd5 23. Bd2 Na5 24. Ne4 Nb3 25. Qc2 Qc7 26. Ng5 Qe7 27. Ngxf7 Rf8 28.
Bxd5 Bxd5 29. Ng5 Bxe5 30. fxe5 Rxf1+ 31. Kxf1 Kg7 32. Nf3 Qf7 33. Bg5 Bxf3 34.
Bf6+ Kg8 35. gxf3 Qa7 36. Kg2 Qb7 37. Bg5 Kg7 38. Qe4 Qxe4 39. fxe4 Na5 40. d5
Kf7 41. Kf3 Nb7 42. Ke3 Nc5 43. Kd4 Na4 44. Bf6 h6 45. h4 Ke8 46. dxe6 Nxb2 47.
Kc5 Nd1 48. Kxb5 Nxc3+ 49. Kxc4 Nxe4 50. Kd4 Ng3 51. Ke3 g5 1/2-1/2

[Event "Thüringenliga 2013/2014"]
[Site "?"]
[Date "2014.03.23"]
[Round "8"]
[White "Koch, Stefan"]
[Black "Berner, Stephan"]
[Result "1/2-1/2"]
[WhiteElo "1862"]
[BlackElo "1875"]
[PlyCount "36"]
[EventDate "2014.??.??"]
[WhiteTeam "SC Suhl"]
[BlackTeam "SG Blau-Weiß Stadtilm"]

1. d4 d5 2. Bf4 Nf6 3. Nf3 g6 4. h3 Bg7 5. e3 O-O 6. Nbd2 b6 7. Bd3 Bb7 8. O-O
c5 9. c3 Ne4 10. Bc2 h6 11. Nxe4 dxe4 12. Ne5 cxd4 13. Qxd4 Qxd4 14. cxd4 Bxe5
15. dxe5 g5 16. Bg3 Na6 17. Rad1 Rfd8 18. a3 Bc6 1/2-1/2

[Event "Thüringenliga 2013/2014"]
[Site "?"]
[Date "2014.03.23"]
[Round "8"]
[White "Kinzel, Tiffany"]
[Black "Fuhrmann, Christian"]
[Result "1-0"]
[WhiteElo "1827"]
[BlackElo "1798"]
[PlyCount "77"]
[EventDate "2014.??.??"]
[WhiteTeam "SG Blau-Weiß Stadtilm"]
[BlackTeam "SC Suhl"]

1. d4 Nf6 2. e3 d5 3. Bd3 Nbd7 4. f4 c5 5. c3 e6 6. Nf3 g6 7. Nbd2 Bg7 8. O-O
O-O 9. Ne5 c4 10. Bc2 b5 11. g4 Nxe5 12. fxe5 Nd7 13. e4 Qb6 14. Rf2 Bb7 15.
Qe2 a5 16. exd5 Bxd5 17. g5 Rac8 18. Ne4 Bxe4 19. Bxe4 Qd8 20. h4 Nb6 21. h5
Nd5 22. Qg4 b4 23. Bd2 bxc3 24. bxc3 Qd7 25. Rh2 Ne7 26. Qh3 Nf5 27. Rf1 Rb8
28. hxg6 fxg6 29. Qxh7+ Kf7 30. Rh6 Rg8 31. Qxg6+ Ke7 32. Rh7 Kd8 33. Bxf5 exf5
34. Rxf5 Rb1+ 35. Kf2 Rb2 36. Ke3 Rb7 37. Ke2 Kc8 38. e6 Qc6 39. Rc5 1-0

[Event "Thüringenliga 2013/2014"]
[Site "?"]
[Date "2014.03.23"]
[Round "8"]
[White "Will, Ralph"]
[Black "Schröter, Maik"]
[Result "0-1"]
[WhiteElo "1757"]
[BlackElo "1746"]
[PlyCount "100"]
[EventDate "2014.??.??"]
[WhiteTeam "SC Suhl"]
[BlackTeam "SG Blau-Weiß Stadtilm"]

1. d4 e6 2. c4 Nf6 3. Nf3 b6 4. g3 Bb7 5. Bg2 Bb4+ 6. Bd2 Bxd2+ 7. Qxd2 d6 8.
Nc3 Nbd7 9. O-O O-O 10. Qc2 c6 11. Rac1 e5 12. e3 Re8 13. Nd2 Rb8 14. Nde4 Nxe4
15. Nxe4 Nf6 16. Rfd1 Nxe4 17. Bxe4 g6 18. dxe5 Rxe5 19. Rd2 Qe7 20. Bg2 c5 21.
Rcd1 Bxg2 22. Kxg2 Rd8 23. Rd5 f5 24. Qc3 Rxd5 25. Rxd5 b5 26. Qd3 bxc4 27.
Qxc4 Qe4+ 28. Qxe4 fxe4 29. f3 exf3+ 30. Kxf3 Kf7 31. e4 Ke6 32. Rd3 Rb8 33. b3
Rb4 34. Ke3 a5 35. a3 Rb7 36. h4 a4 37. bxa4 Ra7 38. Kf4 Rxa4 39. g4 Ra5 40.
Ke3 c4 41. Rc3 Ke5 42. Rxc4 Rxa3+ 43. Kf2 Rh3 44. h5 gxh5 45. gxh5 Rxh5 46. Ra4
Rh4 47. Ra5+ Kf4 48. Rd5 Rh6 49. Rd4 Re6 50. Ra4 Rxe4 0-1

[Event "Thüringenliga 2013/2014"]
[Site "?"]
[Date "2014.03.23"]
[Round "8"]
[White "Werner, Justus"]
[Black "Müller, Bernd"]
[Result "1/2-1/2"]
[WhiteElo "1750"]
[BlackElo "1721"]
[PlyCount "80"]
[EventDate "2014.??.??"]
[WhiteTeam "SG Blau-Weiß Stadtilm"]
[BlackTeam "SC Suhl"]

1. c4 f5 2. Nc3 Nf6 3. g3 e6 4. Bg2 Be7 5. d4 c6 6. d5 Qc7 7. Bg5 O-O 8. Nf3 d6
9. dxe6 Bxe6 10. b3 Na6 11. O-O Rad8 12. Qb1 h6 13. Bc1 d5 14. cxd5 Nxd5 15.
Bb2 Nc5 16. Nd4 Nxc3 17. Bxc3 Bc8 18. Qc2 Bf6 19. Rad1 g6 20. b4 Na6 21. a3 Qg7
22. Qb3+ Kh7 23. e3 Nc7 24. Rd2 Nd5 25. Bb2 Rd6 26. Rfd1 Rfd8 27. Qc2 Bd7 28.
Nb5 Nxe3 29. Bxf6 Rxd2 30. Qxd2 Qxf6 31. Qxe3 cxb5 32. Qxa7 Bc8 33. Rxd8 Qxd8
34. Qc5 Qd1+ 35. Bf1 Qd7 36. Qxb5 Qe6 37. Qc4 Qd7 38. a4 h5 39. b5 b6 40. Qc6
Qd8 1/2-1/2

[Event "Thüringenliga 2013/2014"]
[Site "?"]
[Date "2014.03.23"]
[Round "8"]
[White "Wehner, Janis"]
[Black "Philipp, Michael"]
[Result "0-1"]
[WhiteElo "2138"]
[BlackElo "1963"]
[PlyCount "76"]
[EventDate "2014.??.??"]
[WhiteTeam "SV Medizin Erfurt"]
[BlackTeam "SSV Vimaria 91 Weimar"]

1. c4 e6 2. Nc3 d5 3. d4 c5 4. cxd5 exd5 5. dxc5 Nf6 6. Nf3 Bxc5 7. e3 O-O 8.
Be2 Nc6 9. O-O a6 10. a3 Bf5 11. b4 Ba7 12. b5 axb5 13. Nxb5 Bb6 14. Bb2 Qe7
15. Bxf6 Qxf6 16. Qxd5 Rfd8 17. Qb3 Be6 18. Qc3 Qg6 19. Rfd1 Bh3 20. Bf1 Bg4
21. Rxd8+ Rxd8 22. Nfd4 Ne5 23. Rc1 h6 24. Qc2 Qf6 25. Qe4 Qe7 26. h3 Bh5 27.
Nf5 Qf6 28. Ng3 Bg6 29. Qxb7 Rd2 30. Rc8+ Kh7 31. Be2 Nd3 32. Bf3 Rxf2 33. Qa8
Qa1+ 34. Kh2 Bf5 35. Nxf5 Qe5+ 36. Ng3 Qxb5 37. Qe4+ g6 38. Qxd3 Qxd3 0-1

[Event "Thüringenliga 2013/2014"]
[Site "?"]
[Date "2014.03.23"]
[Round "8"]
[White "Albrecht, Jürgen"]
[Black "Hausknecht, Matthias"]
[Result "0-1"]
[WhiteElo "2099"]
[BlackElo "2137"]
[PlyCount "72"]
[EventDate "2014.??.??"]
[WhiteTeam "SSV Vimaria 91 Weimar"]
[BlackTeam "SV Medizin Erfurt"]

1. e4 e5 2. Nf3 Nc6 3. Bb5 a6 4. Ba4 d6 5. c3 f5 6. d3 Nf6 7. Nbd2 g6 8. O-O
Bg7 9. Bb3 Na5 10. d4 Nxb3 11. Qxb3 Nxe4 12. dxe5 d5 13. Rd1 Nc5 14. Qc2 O-O
15. Nb3 Ne4 16. c4 c6 17. cxd5 cxd5 18. Qd3 Re8 19. Qxd5+ Qxd5 20. Rxd5 Be6 21.
Rd3 Bc4 22. Re3 Rad8 23. Re1 Bxb3 24. axb3 Rd3 25. Be3 Bxe5 26. Nxe5 Rxe5 27.
b4 Nf6 28. Kf1 Kf7 29. Bc5 Rxe1+ 30. Rxe1 Ne4 31. Rc1 Ke6 32. Be3 Rb3 33. Rc7
Rxb4 34. Rxh7 Rxb2 35. Rg7 f4 36. Bd4 Rb4 0-1

[Event "Thüringenliga 2013/2014"]
[Site "?"]
[Date "2014.03.23"]
[Round "8"]
[White "Holzschuh, Stephan"]
[Black "Mysliwiec, Jörg"]
[Result "1/2-1/2"]
[WhiteElo "2240"]
[BlackElo "2059"]
[PlyCount "125"]
[EventDate "2014.??.??"]
[WhiteTeam "SV Medizin Erfurt"]
[BlackTeam "SSV Vimaria 91 Weimar"]

1. e4 c6 2. d4 d5 3. Nc3 dxe4 4. Nxe4 Nf6 5. Nxf6+ gxf6 6. c3 Bf5 7. Nf3 e6 8.
g3 Qb6 9. Bg2 Qa6 10. Nh4 Bg6 11. Bf1 Qb6 12. Qe2 Nd7 13. Bg2 Be7 14. O-O a5
15. Be3 Qa6 16. c4 O-O 17. Rac1 Rfe8 18. Rfd1 Rad8 19. Nxg6 hxg6 20. Qc2 Kg7
21. a3 a4 22. Re1 c5 23. d5 e5 24. f3 f5 25. Bf2 Bf6 26. Rcd1 Rb8 27. Bf1 Qa5
28. Rb1 Re7 29. Be3 Rbe8 30. Bg2 e4 31. f4 Qa6 32. Bf1 Ra8 33. Rbd1 Ree8 34.
Rd2 Qd6 35. Rdd1 Ra6 36. Rb1 Rea8 37. Kg2 Rb6 38. b4 axb3 39. Rxb3 Rxb3 40.
Qxb3 Qa6 41. Bc1 Qb6 42. Re3 Ra6 43. Qc2 Qa5 44. Bd2 Qa4 45. Qxa4 Rxa4 46. Rb3
b6 47. h3 Bd4 48. g4 fxg4 49. hxg4 Ra8 50. Be2 f6 51. Bd1 Re8 52. Bc1 f5 53.
Rg3 e3 54. Be2 fxg4 55. Rxg4 Nf6 56. Rh4 Ne4 57. Rh1 Kf6 58. Rf1 Nc3 59. Kf3
Rh8 60. Bd3 Rh2 61. Kg3 Ra2 62. Kf3 Rh2 63. Kg3 1/2-1/2

[Event "Thüringenliga 2013/2014"]
[Site "?"]
[Date "2014.03.23"]
[Round "8"]
[White "Stiefel, Roland"]
[Black "Kirschbaum, Gunnar"]
[Result "0-1"]
[WhiteElo "1960"]
[BlackElo "2069"]
[PlyCount "92"]
[EventDate "2014.??.??"]
[WhiteTeam "SSV Vimaria 91 Weimar"]
[BlackTeam "SV Medizin Erfurt"]

1. d4 Nf6 2. Nf3 g6 3. c4 Bg7 4. Nc3 O-O 5. Bg5 d6 6. e3 Nbd7 7. Be2 e5 8. O-O
a5 9. Nd2 c6 10. a3 h6 11. Bh4 exd4 12. exd4 Qb6 13. Nf3 Re8 14. Qc2 Nf8 15. c5
dxc5 16. Na4 Qc7 17. Nxc5 Bf5 18. Bd3 Bxd3 19. Qxd3 b6 20. Bg3 Qd8 21. Nb3 Ne6
22. Ne5 Qd5 23. Rad1 Rad8 24. a4 Nh5 25. Qf3 Qxf3 26. Nxf3 Nhf4 27. Rfe1 Kf8
28. Kf1 Rd5 29. Re4 g5 30. Bxf4 Nxf4 31. Rxe8+ Kxe8 32. g3 Ne6 33. Rc1 Kd7 34.
Rc4 b5 35. axb5 cxb5 36. Rc2 a4 37. Nc5+ Nxc5 38. dxc5 Kc6 39. Ke2 Rxc5 40. Rd2
Rc1 41. h4 Rb1 42. Kd3 Rxb2 43. Rxb2 Bxb2 44. hxg5 hxg5 45. Nxg5 a3 46. Kc2 Bf6
0-1

[Event "Thüringenliga 2013/2014"]
[Site "?"]
[Date "2014.03.23"]
[Round "8"]
[White "Nguyen, Huy Dat"]
[Black "Gulich, Christian"]
[Result "1/2-1/2"]
[WhiteElo "2030"]
[BlackElo "1962"]
[PlyCount "51"]
[EventDate "2014.??.??"]
[WhiteTeam "SV Medizin Erfurt"]
[BlackTeam "SSV Vimaria 91 Weimar"]

1. c4 f5 2. Nf3 Nf6 3. b3 g6 4. Bb2 Bg7 5. g3 O-O 6. Bg2 d6 7. d4 Qe8 8. O-O
Na6 9. Nbd2 c5 10. dxc5 Nxc5 11. Qc2 Bd7 12. Rad1 Bc6 13. Nd4 Bxg2 14. Kxg2 Qf7
15. N2f3 Nfe4 16. Nb5 Rfc8 17. Bxg7 Qxg7 18. Nfd4 a6 19. Nc3 Nxc3 20. Qxc3 b5
21. Qb4 Qe5 22. cxb5 axb5 23. Qxb5 Qd5+ 24. Nf3 Qe6 25. Nd4 Qd5+ 26. Nf3
1/2-1/2

[Event "Thüringenliga 2013/2014"]
[Site "?"]
[Date "2014.03.23"]
[Round "8"]
[White "Riedel, Finn"]
[Black "Reichel, Norbert"]
[Result "1-0"]
[WhiteElo "1981"]
[BlackElo "2053"]
[PlyCount "55"]
[EventDate "2014.??.??"]
[WhiteTeam "SSV Vimaria 91 Weimar"]
[BlackTeam "SV Medizin Erfurt"]

1. e4 c5 2. Nf3 Nc6 3. d4 cxd4 4. Nxd4 g6 5. Nc3 Bg7 6. Be3 Nf6 7. Bc4 Qa5 8.
O-O O-O 9. Bb3 d6 10. f3 Bd7 11. Qd2 Rfc8 12. Rad1 Qd8 13. Kh1 Na5 14. Bg5 Nxb3
15. Nxb3 Ne8 16. Nd5 f6 17. Bh4 Be6 18. c3 Nc7 19. Rfe1 Bf7 20. Qe2 Qe8 21. f4
Bf8 22. Qf3 Qc6 23. Nd4 Qa4 24. b3 Qd7 25. g4 Kh8 26. f5 Bh6 27. fxg6 Bxg6 28.
Nxe7 1-0

[Event "Thüringenliga 2013/2014"]
[Site "?"]
[Date "2014.03.23"]
[Round "8"]
[White "Müller-Ludwig, Kristin"]
[Black "Rensch, Toralf"]
[Result "1/2-1/2"]
[WhiteElo "2059"]
[BlackElo "1990"]
[PlyCount "32"]
[EventDate "2014.??.??"]
[WhiteTeam "SV Medizin Erfurt"]
[BlackTeam "SSV Vimaria 91 Weimar"]

1. e4 e5 2. Nf3 Nc6 3. Bb5 Nd4 4. Nxd4 exd4 5. c3 Qg5 6. Bf1 Bc5 7. d3 Qf6 8.
c4 h5 9. Nd2 d6 10. Nf3 Ne7 11. a3 a5 12. b3 Bg4 13. Be2 Ng6 14. Bg5 Qe6 15.
Nh4 Bxe2 16. Qxe2 Nxh4 1/2-1/2

[Event "Thüringenliga 2013/2014"]
[Site "?"]
[Date "2014.03.23"]
[Round "8"]
[White "Gräf, Michael"]
[Black "Jakob, Matthias"]
[Result "1-0"]
[WhiteElo "1851"]
[BlackElo "1908"]
[PlyCount "81"]
[EventDate "2014.??.??"]
[WhiteTeam "SSV Vimaria 91 Weimar"]
[BlackTeam "SV Medizin Erfurt"]

1. d4 Nf6 2. Nf3 e6 3. e3 b6 4. Bd3 Bb7 5. Nbd2 d5 6. Ne5 Bd6 7. f4 Ne4 8. Qf3
Nxd2 9. Bxd2 g6 10. Qh3 Qf6 11. O-O Qg7 12. Rf3 f5 13. g4 Bxe5 14. fxe5 Nd7 15.
gxf5 gxf5+ 16. Rg3 Qf7 17. Qh4 Nf8 18. Kf2 Ng6 19. Qg5 Qe7 20. Rag1 Qxg5 21.
Rxg5 O-O-O 22. Be2 Bc6 23. Bh5 Be8 24. Be2 Bf7 25. b3 Kb7 26. a4 a6 27. Kf3
Rhg8 28. Be1 c5 29. c3 Rc8 30. Bd2 Rg7 31. Kf2 Rgg8 32. Bf3 Ka7 33. Bh5 Rcf8
34. Bf3 Rc8 35. R5g3 Rcf8 36. Rh3 Rh8 37. Rh6 Rc8 38. h4 Rcf8 39. h5 Ne7 40.
Rg7 Ng8 41. Rxe6 1-0

[Event "Thüringenliga 2013/2014"]
[Site "?"]
[Date "2014.04.13"]
[Round "9"]
[White "Langheinrich, Ferenc"]
[Black "Recknagel, Michael"]
[Result "1-0"]
[WhiteElo "2366"]
[BlackElo "2180"]
[PlyCount "63"]
[EventDate "2014.??.??"]

1. Nf3 Nc6 2. d4 d5 3. g3 Bg4 4. Bg2 e6 5. O-O Nf6 6. c4 dxc4 7. Qa4 Qd7 8.
Qxc4 Bxf3 9. Bxf3 Nxd4 10. Bxb7 Rb8 11. Bg2 Rb4 12. Qd3 Nb5 13. a3 Rd4 14. Qc2
Rd6 15. Bf4 Rb6 16. e3 Be7 17. a4 Nd6 18. a5 Ra6 19. Qe2 Qc8 20. Rc1 c5 21. b4
c4 22. Nd2 Nd5 23. Nxc4 Nxc4 24. Rxc4 Rc6 25. Rac1 Qa6 26. Be5 Rxc4 27. Rxc4
O-O 28. Bxg7 Rc8 29. Rxc8+ Qxc8 30. Bd4 f5 31. Bxd5 exd5 32. Qb5 1-0

[Event "Thüringenliga 2013/2014"]
[Site "?"]
[Date "2014.04.13"]
[Round "9"]
[White "Berghof, Axel"]
[Black "Krüger, Rainer"]
[Result "1-0"]
[WhiteElo "1996"]
[BlackElo "2074"]
[PlyCount "31"]
[EventDate "2014.??.??"]

1. e4 c5 2. b4 b6 3. bxc5 bxc5 4. Bb5 Bb7 5. Nc3 Nf6 6. Qe2 Nc6 7. Nf3 Nd4 8.
Nxd4 cxd4 9. e5 dxc3 10. exf6 gxf6 11. d4 Bxg2 12. Rg1 Rg8 13. f3 Bxf3 14. Rxg8
Bxe2 15. Bh6 e5 16. Bxf8 1-0